[Event "Barcelona Barri Gotic op 1st"]
[Site "Barcelona"]
[Date "2012.04.23"]
[Round "1.10"]
[White "Gonzalez Hernandez, Ferran"]
[Black "Garnica Nebot, Francesco"]
[Result "1-0"]
[WhiteElo "2049"]
[BlackElo "1767"]
[PlyCount "53"]
[EventDate "2012.04.23"]
[EventType "swiss"]
[EventRounds "8"]
[EventCountry "ESP"]
[SourceTitle "EXT 2024"]
[Source "ChessBase"]
[SourceDate "2023.10.10"]
[SourceVersion "1"]
[SourceVersionDate "2023.10.10"]
[SourceQuality "1"]

1. e4 c5 2. Nf3 Nc6 3. Bb5 d6 4. d4 cxd4 5. Qxd4 Bd7 6. Bxc6 Bxc6 7. Nc3 h6 8. Be3 Nf6 9. h3 g6 10. Qd3 Bg7 11. Nd4 0-0 12. 0-0-0 Nd7 13. Qd2 Kh7 14. f4 Qc7 15. e5 d5 16. g4 e6 17. h4 Nb6 18. b3 Qe7 19. h5 f5 20. hxg6+ Kxg6 21. gxf5+ exf5 22. Rdg1+ Kh7 23. Qg2 Be8 24. Ne6 Rg8 25. Ng5+ Kh8 26. Bd4 Bf7 27. e6 1-0

[Event "Cerdanyola del Valles"]
[Site "Cerdanyola del Valles"]
[Date "2011.10.22"]
[Round "5"]
[White "Gonzalez Hernandez, Ferran"]
[Black "Garcia de Blas, Esteban"]
[Result "1-0"]
[WhiteElo "2057"]
[BlackElo "2008"]
[PlyCount "53"]
[EventDate "2011.10.01"]
[EventType "tourn"]
[EventRounds "9"]
[EventCountry "ESP"]
[SourceTitle "EXT 2013"]
[Source "ChessBase"]
[SourceDate "2012.11.22"]
[SourceVersion "1"]
[SourceVersionDate "2012.11.22"]
[SourceQuality "1"]

1. e4 e6 2. d4 d5 3. Nc3 Bb4 4. e5 c5 5. Qg4 Ne7 6. dxc5 Nbc6 7. Bd2 Ng6 8. Nf3 Bxc5 9. Bd3 Qc7 10. 0-0 Bd7 11. Rae1 0-0-0 12. Nb5 Qb8 13. b4 Be7 14. c4 Ngxe5 15. Nxe5 Nxe5 16. Nxa7+ Qxa7 17. Rxe5 Bf6 18. Ree1 e5 19. Qg3 d4 20. b5 Be6 21. a4 h5 22. a5 Qc5 23. Rb1 Qc7 24. Be4 Kd7 25. c5 Qxc5 26. Rfc1 h4 27. Qf3 1-0

[Event "Cerdanyola del Valles"]
[Site "Cerdanyola del Valles"]
[Date "2011.10.01"]
[Round "1"]
[White "Gonzalez Hernandez, Ferran"]
[Black "Shatko, Danil"]
[Result "0-1"]
[WhiteElo "2057"]
[BlackElo "2097"]
[PlyCount "24"]
[EventDate "2011.10.01"]
[EventType "tourn"]
[EventRounds "9"]
[EventCountry "ESP"]
[SourceTitle "EXT 2013"]
[Source "ChessBase"]
[SourceDate "2012.11.22"]
[SourceVersion "1"]
[SourceVersionDate "2012.11.22"]
[SourceQuality "1"]

1. e4 g6 2. d4 Bg7 3. Nc3 d6 4. h3 c6 5. a4 Nd7 6. Bc4 Ngf6 7. f4 e5 8. Nge2 0-0 9. 0-0 Qe7 10. fxe5 dxe5 11. Kh2 exd4 12. Qxd4 Ng4+ 0-1

[Event "ESP-ch U16"]
[Site "Padron"]
[Date "2011.07.21"]
[Round "5"]
[White "Quintin Navarro, Alberto"]
[Black "Gonzalez Hernandez, Ferran"]
[Result "1-0"]
[WhiteElo "2153"]
[BlackElo "1999"]
[PlyCount "108"]
[EventDate "2011.07.19"]
[EventType "swiss"]
[EventRounds "9"]
[EventCountry "ESP"]
[SourceTitle "CBM 143 Extra"]
[Source "ChessBase"]
[SourceDate "2011.08.29"]
[SourceVersion "1"]
[SourceVersionDate "2011.08.29"]
[SourceQuality "1"]

1. e4 c5 2. Nf3 Nc6 3. Bb5 g6 4. Bxc6 bxc6 5. 0-0 Bg7 6. Re1 e5 7. c3 Ne7 8. d4 cxd4 9. cxd4 exd4 10. Nxd4 Qc7 11. Bg5 Qe5 12. Be3 0-0 13. f4 Qb8 14. Qd2 d5 15. exd5 cxd5 16. Nc3 Bb7 17. Rf1 Nf5 18. Nxf5 gxf5 19. Bd4 Qd6 20. Bxg7 Kxg7 21. Nb5 Qf6 22. Nd4 Rfe8 23. Rf3 h6 24. Rd1 Kh7 25. h3 Re4 26. Kh2 Rg8 27. Qf2 Ba6 28. Ra3 Rb8 29. Ra5 Rd8 30. b4 Qb6 31. Qd2 Bc8 32. Rc5 Qd6 33. g3 Bd7 34. Rdc1 Rde8 35. b5 Re3 36. R5c2 Qa3 37. Rg1 R8e4 38. Nb3 d4 39. Rg2 Bxb5 40. Nxd4 Bf1 41. Nxf5 Bxg2 42. Nxe3 Rxe3 43. Qxg2 Qe7 44. f5 a5 45. Rf2 Qe4 46. Qxe4 Rxe4 47. Kg2 Re3 48. a4 Ra3 49. Rf4 Kg7 50. f6+ Kg6 51. g4 Kh7 52. h4 Kg6 53. Kf2 Rh3 54. h5+ Kg5 1-0

[Event "Mollet del Valles Tancat MC 1st"]
[Site "Mollet del Valles"]
[Date "2011.06.11"]
[Round "8"]
[White "Bals Hernandez, Jordi"]
[Black "Gonzalez Hernandez, Ferran"]
[Result "1-0"]
[WhiteElo "2061"]
[BlackElo "1939"]
[PlyCount "101"]
[EventDate "2011.04.30"]
[EventType "tourn"]
[EventRounds "9"]
[EventCountry "ESP"]
[SourceTitle "EXT 2024"]
[Source "ChessBase"]
[SourceDate "2023.10.10"]
[SourceVersion "1"]
[SourceVersionDate "2023.10.10"]
[SourceQuality "1"]

1. d4 Nf6 2. c4 e6 3. Nf3 d5 4. e3 Nbd7 5. Bd3 c6 6. b3 Ne4 7. 0-0 Bd6 8. Bb2 0-0 9. Ne5 Qc7 10. f4 f6 11. Nxd7 Bxd7 12. Bxe4 dxe4 13. Nd2 f5 14. c5 Be7 15. b4 b5 16. a4 a6 17. Qb3 Rfb8 18. Bc3 Qb7 19. Ra2 Bd8 20. Rfa1 g6 21. g4 Kf8 22. g5 Kg8 23. h4 Be8 24. Qc2 h5 25. Nf1 Be7 26. Ng3 Bf8 27. Ra3 Bf7 28. Kg2 Kh7 29. Kh2 Qc8 30. Qg2 Qe8 31. Rg1 Qc8 32. Qd2 Bg7 33. Rg2 Qd7 34. Ra1 Bh8 35. Rag1 Rg8 36. Qd1 Qe8 37. Qa1 Qd7 38. d5 Bxc3 39. Qxc3 exd5 40. Qf6 Qe8 41. Nxh5 Qf8 42. Qxc6 Kh8 43. Qf6+ Kh7 44. Qc6 Kh8 45. Nf6 bxa4 46. Qxa4 Rg7 47. Kg3 Be6 48. Qa1 a5 49. Rh1 Bf7 50. h5 gxh5 51. Rgh2 1-0